| 000 | 00000cas 2200000za 4500 |
|---|---|
| 001 | 9.807326 |
| 003 | CaOODSP |
| 005 | 20260323134924 |
| 007 | cr ||||||||||| |
| 008 | 150406d20182023onc x m o f0 b0fre|d |
| 040 | |aCaOODSP|bfre |
| 043 | |an-cn--- |
| 086 | 1 |aFB3-7F-PDF |
| 245 | 00|aNote analytique du personnel |h[ressource électronique] / |cBanque du Canada. |
| 260 | |aOttawa : |bBanque du Canada, |c2018-2023. |
| 310 | |aIrrégulier |
| 362 | 0 |a2018/3-2023/17. |
| 500 | |aPubli. aussi en anglais sous le titre : Staff analytical note. |
| 710 | 2 |aBanque du Canada. |
| 775 | 08|tStaff analytical note |w(CaOODSP)9.807323 |